书目信息 |
| 题名: |
汪涵的说话之道
|
|
| 作者: | 丁慕涵 编著 | |
| 分册: | ||
| 出版信息: | 南昌 江西人民出版社 2014.06 |
|
| 页数: | 214页 | |
| 开本: | 21cm | |
| 丛书名: | ||
| 单 册: | ||
| 中图分类: | H019-49 | |
| 科图分类: | ||
| 主题词: | 口才学--kou cai xue--通俗读物 | |
| 电子资源: | ||
| ISBN: | 978-7-210-06376-6 | |
| 000 | 00918nam0 2200229 450 | |
| 001 | CAL 0120141303317 | |
| 005 | 20150826155800.59 | |
| 010 | @a978-7-210-06376-6@dCNY32.00 | |
| 100 | @a20140620d2014 em y0chiy50 ea | |
| 101 | 0 | @achi |
| 102 | @aCN@b360000 | |
| 106 | @ar | |
| 200 | 1 | @a汪涵的说话之道@Awang han de shuo hua zhi dao@f丁慕涵编著 |
| 210 | @a南昌@c江西人民出版社@d2014.06 | |
| 215 | @a214页@d21cm | |
| 330 | @a汪涵是湖南卫视著名主持人, 他的口才一直为大众所称道。本书正是撷取了这一闪光点, 以有趣的故事来穿针引线, 分44个小节对汪函的说话艺术进行了分析学习, 以引导读者提升自己的口才。全书的主要对象是年轻读者, 所以作者在行文方面比较俏皮活泼, 以轻松幽默的方式, 让在读者在放松愉悦中完成对名人优长特点的学习。 | |
| 586 | @a | |
| 606 | 0 | @a口才学@Akou cai xue@j通俗读物 |
| 690 | @aH019-49@v5 | |
| 701 | 0 | @a丁慕涵@Ading mu han@4编著 |
| 801 | 0 | @aCN@c20150820 |
| 905 | @a河南城建学院图书馆@dH019-49@eD540@f3 | |
| 汪涵的说话之道/丁慕涵编著.-南昌:江西人民出版社,2014.06 |
| 214页;21cm |
| ISBN 978-7-210-06376-6:CNY32.00 |
| 汪涵是湖南卫视著名主持人, 他的口才一直为大众所称道。本书正是撷取了这一闪光点, 以有趣的故事来穿针引线, 分44个小节对汪函的说话艺术进行了分析学习, 以引导读者提升自己的口才。全书的主要对象是年轻读者, 所以作者在行文方面比较俏皮活泼, 以轻松幽默的方式, 让在读者在放松愉悦中完成对名人优长特点的学习。 |
| ● |
| 相关链接 |
|
|
|
正题名:汪涵的说话之道
索取号:H019-49/D540
 
预约/预借
| 序号 | 登录号 | 条形码 | 馆藏地/架位号 | 状态 | 备注 |
| 1 | 1233188 | 212331886 | 语言库209/209语言库 65排1列2层/ [索取号:H019-49/D540] | 在馆 | |
| 2 | 1233189 | 212331895 | 语言库209/209语言库 65排1列2层/ [索取号:H019-49/D540] | 在馆 | |
| 3 | 1233190 | 212331902 | 语言库209/209语言库 65排1列2层/ [索取号:H019-49/D540] | 在馆 |